| 000 | 01094cam a2200277 a 4500 | ||
|---|---|---|---|
| 999 |
_c17300 _d17300 |
||
| 008 | 050510s2006 caua bf 001 0 eng d | ||
| 020 | _a0534647278 (student ed.) | ||
| 050 | 0 | 0 |
_aPN1992.75 _b.Z4 2006 |
| 100 | 1 | _aZettl, Herbert. | |
| 245 | 1 | 0 |
_aTelevision production handbook / _cHerbert Zettl. |
| 250 | _a9th ed. | ||
| 260 |
_aBelmont, Calif. : _bThomas Wadsworth, _cc2006. |
||
| 300 |
_axxviii, 548 p. : _bcol. ill. ; _c26 cm. |
||
| 504 | _aIncludes bibliographical references (p. 532-533) and index. | ||
| 650 | 0 |
_aTelevision _xProduction and direction _vHandbooks, manuals, etc. |
|
| 942 |
_2lcc _cBOOKS _hPN1992.75 .Z4 2006 |
||